Presupuesto aplicado a una empresa panificadora
Presenta la demostración la conveniencia de contar con un presupuesto, ya que se trata de empresas grandes o pequeñas, pues en nuestro medios muchas empresas panificadoras no se preocupan de hacer presupuesto.
| Main Author: | |
|---|---|
| Other Authors: | |
| Format: | Tesis Section = Libro |
| Language: | Undetermined Spanish |
| Published: |
Guatemala
USAC-G
1991
|
| Subjects: |
| LEADER | 00852nam a2200217Ia 4500 | ||
|---|---|---|---|
| 008 | 240830s9999 xx 000 0 und d | ||
| 040 | |a BIBLIOTECA-RUSB/ Mon 658.1547281 S213 | ||
| 041 | |a spa | ||
| 082 | |a Mon 658.1547281 S213 | ||
| 100 | 1 | |a Sandoval Coronado, Martha Julia | |
| 245 | 1 | 0 | |a Presupuesto aplicado a una empresa panificadora |
| 260 | |a Guatemala |b USAC-G |c 1991 | ||
| 300 | |a 69 p. :il. | ||
| 502 | |a Tesis (Contador Público y Auditor) - USAC-G, 1991. | ||
| 520 | 3 | |a Presenta la demostración la conveniencia de contar con un presupuesto, ya que se trata de empresas grandes o pequeñas, pues en nuestro medios muchas empresas panificadoras no se preocupan de hacer presupuesto. | |
| 650 | 7 | |a PRESUPUESTO-APLICADO | |
| 650 | 7 | |b GUATEMALA I | |
| 700 | 1 | |a Tutor: |b Mejia Arana, Miguel Angel | |
| 942 | |c BK |2 ddc | ||
| 991 | |a TESIS | ||
| 999 | |c 20585 | ||